Набег | Записки маркера | Севастополь в декабре | Севастополь в мае | Севастополь в августе | Рубка леса | Встреча в отряде с московским знакомым | Утро помещика | Метель | Два гусара (Запись № 5843763)

Подробности
000 -МАРКЕР
контрольное поле 01486dam0a22003011 4500
001 - ИДЕНТИФИКАТОР ЗАПИСИ
контрольное поле rc\2859730
005 - ИДЕНТИФИКАТОР ВЕРСИИ
контрольное поле 20260406130334.0
035 ## - ДРУГИЕ СИСТЕМНЫЕ НОМЕРА
Идентификатор записи (NLR Aleph) 007014113
100 ## - ДАННЫЕ ОБЩЕЙ ОБРАБОТКИ
Данные общей обработки 20110708d1928 |||y0rusy50 ca
101 0# - ЯЗЫК РЕСУРСА
Язык текста, звукозаписи и т.д. русский
102 ## - СТРАНА ПУБЛИКАЦИИ ИЛИ ПРОИЗВОДСТВА
Страна публикации Российская Федерация
105 ## - ПОЛЕ КОДИРОВАННЫХ ДАННЫХ: ТЕКСТОВЫЕ МАТЕРИАЛЫ, МОНОГРАФИЧЕСКИЕ
Кодированные данные о монографическом текстовом документе c z |||||
200 1# - ЗАГЛАВИЕ И СВЕДЕНИЯ ОБ ОТВЕТСТВЕННОСТИ
Основное заглавие Набег
-- Записки маркера
-- Севастополь в декабре
-- Севастополь в мае
-- Севастополь в августе
-- Рубка леса
-- Встреча в отряде с московским знакомым
-- Утро помещика
-- Метель
-- Два гусара
210 ## - ПУБЛИКАЦИЯ, РАСПРОСТРАНЕНИЕ И ДР.
Место издания, распространения и т.д. Москва
-- Ленинград
Имя издателя, распространителя и т. д. Гос. изд-во
Дата издания, распространения и т.д. 1928
Имя изготовителя Тип. "Печатный двор"
215 ## - ФИЗИЧЕСКАЯ ХАРАКТЕРИСТИКА
Специфическое обозначение материала и объем 365 с., [2] с. объявл., [1] вкл. л. портр.
Другие сведения о физической характеристике портр.
225 1# - СЕРИЯ
Основное заглавие серии Полное собрание художественных произведений
Сведения, относящиеся к заглавию 2-е изд.
Обозначение тома Т. 11
300 ## - ОБЩИЕ ПРИМЕЧАНИЯ
Текст примечания Редакция В. Срезневского. "Севастополь", К. Халабава и Б. Эйхенбаума
700 #1 - ИМЯ ЛИЦА - ПЕРВИЧНАЯ ОТВЕТСТВЕННОСТЬ
Графика поля Кириллица
Материалы, к которым относится поле rus
Начальный элемент ввода Толстой
Часть имени, кроме начального элемента ввода Л. Н.
Даты 1828-1910
Расширение инициалов личного имени Лев Николаевич
Системный номер авторитетной/нормативной записи 111537
Идентификатор авторитетной/нормативной записи RU\NLR\AUTH\771515
702 #1 - ИМЯ ЛИЦА - ВТОРИЧНАЯ ОТВЕТСТВЕННОСТЬ
Начальный элемент ввода Срезневский
Часть имени, кроме начального элемента ввода В.
Код отношения Редактор
702 #1 - ИМЯ ЛИЦА - ВТОРИЧНАЯ ОТВЕТСТВЕННОСТЬ
Начальный элемент ввода Халабава
Часть имени, кроме начального элемента ввода К.
Код отношения Редактор
702 #1 - ИМЯ ЛИЦА - ВТОРИЧНАЯ ОТВЕТСТВЕННОСТЬ
Начальный элемент ввода Эйхенбаум
Часть имени, кроме начального элемента ввода Б.
Код отношения Редактор
801 #0 - ИСТОЧНИК ЗАПИСИ
Страна Российская Федерация
Организация NLR
Правила каталогизации psbo
801 #1 - ИСТОЧНИК ЗАПИСИ
Страна Российская Федерация
Организация ELAR
Источник данных rusmarc
852 ## - МЕСТОНАХОЖДЕНИЕ И ШИФР ХРАНЕНИЯ
Идентификатор организации NLR
Шифр хранения (Call Number) 44/609
942 ## - ДОПОЛНИТЕЛЬНЫЕ ЭЛЕМЕНТЫ ЗАПИСИ (АБИС)
Тип экземпляра АБИС Книга
980 ## - КОЛЛЕКЦИЯ
Название коллекции Национальная библиография

Нет доступных экземпляров.